[Event "Astana Zhuldyzdary Open A"]
[Site "Astana KAZ"]
[Date "2023.07.13"]
[Round "4.45"]
[White "Zhakan, Erasyl"]
[Black "Assylov, Miras"]
[Result "1/2-1/2"]
[WhiteElo "1813"]
[BlackElo "2012"]
[WhiteFideId "13722271"]
[BlackFideId "13728873"]
[EventDate "2023.07.11"]

1. e4 c6 2. Nc3 d5 3. Nf3 g6 4. d4 Bg7 5. Bd3 dxe4 6. Nxe4 Nf6 7. c3 O-O 8. O-O
Bg4 9. h3 Bxf3 10. Qxf3 Nxe4 11. Qxe4 e6 12. Re1 Nd7 13. Bc4 a5 14. Bf4 Nb6 15.
Be2 Qh4 16. Bf3 Nd5 17. Be5 Qxe4 18. Rxe4 Rfd8 19. Bxg7 Kxg7 20. a4 Nb6 21. Bd1
Nc4 22. Re2 Nd6 23. Re5 b6 24. Kf1 Rac8 25. Be2 Nf5 26. Bf3 Nd6 27. Rd1 Nc4 28.
Re2 Kf6 29. b3 Nd6 30. Red2 Ke7 31. Ke2 h5 32. h4 Kd7 33. g3 Kc7 34. Re1 Nf5 35.
Be4 Nd6 36. Bf3 c5 37. d5 e5 38. Kd3 f6 39. c4 Re8 40. Rde2 Nf5 41. Be4 Kd6 42.
Bxf5 gxf5 43. Re3 Rg8 44. Kd2 e4 45. f4 Rg4 46. Ke2 Rcg8 47. Kf2 Re8 48. Rg1 Re7
49. Rc1 Rc7 50. Rg1 Rc8 51. Rc1 Rc7 52. Rg1 1/2-1/2

[Event "Astana Zhuldyzdary Open A"]
[Site "Astana KAZ"]
[Date "2023.07.13"]
[Round "4.46"]
[White "Danielyan, Vahe"]
[Black "Mukhametkali, Merey"]
[Result "1-0"]
[WhiteTitle "IM"]
[WhiteElo "2346"]
[BlackElo "1923"]
[WhiteFideId "13304828"]
[BlackFideId "13727389"]
[EventDate "2023.07.11"]

1. e4 e6 2. d4 d5 3. Nc3 Bb4 4. e5 c5 5. a3 Bxc3+ 6. bxc3 Ne7 7. a4 Qa5 8. Bd2
Nbc6 9. Nf3 Bd7 10. Bd3 c4 11. Be2 O-O-O 12. O-O Rdf8 13. Qc1 f5 14. Qa3 Kb8 15.
Rfb1 Bc8 16. Rb5 Qc7 17. Rab1 h6 18. Bc1 g5 19. Qa2 Ka8 20. Ba3 Rd8 21. a5 Rd7
22. Nd2 Qd8 23. Bc5 Nb8 24. a6 Nec6 25. axb7+ Rxb7 26. Rxb7 Bxb7 27. Bf3 g4 28.
Nxc4 Ba6 29. Nb6+ axb6 30. Bxb6 Qc8 31. Be2 Qb7 32. Bf1 Rh7 33. c4 Na7 34. Bc5
Qc6 35. cxd5 Qxd5 36. c4 Qc6 37. g3 Qc8 38. Bg2+ Nac6 39. d5 exd5 40. Bxd5 Rb7
41. Ra1 Rd7 42. Bd6 Ra7 43. e6 Bb7 44. Qb2 Rxa1+ 45. Qxa1+ Na6 46. e7 Ka7 47.
Qe1 Nxe7 48. Qxe7 Ka8 49. Be6 Qc6 50. Qf8+ Ka7 51. Bd5 Qb6 52. Qe7 Qb1+ 53. Kg2
Qb3 54. Bf4 Nb8 55. Qc5+ Ka8 56. Qa5+ 1-0

[Event "Astana Zhuldyzdary Open A"]
[Site "Astana KAZ"]
[Date "2023.07.13"]
[Round "4.47"]
[White "Maevsky, Nikolay"]
[Black "Nurgaliyeva, Zarina"]
[Result "0-1"]
[WhiteTitle "FM"]
[BlackTitle "WFM"]
[WhiteElo "2277"]
[BlackElo "1921"]
[WhiteFideId "4198220"]
[BlackFideId "13730096"]
[EventDate "2023.07.11"]

1. d4 Nf6 2. c4 e6 3. Nc3 Bb4 4. a3 Bxc3+ 5. bxc3 c5 6. f3 d6 7. e4 Nc6 8. Be3
b6 9. Bd3 O-O 10. Ne2 Ba6 11. Ng3 Qd7 12. f4 e5 13. d5 Na5 14. fxe5 Ng4 15. e6
Nxe3 16. exd7 Nxd1 17. Rxd1 g6 18. Nf1 Bxc4 19. Ne3 Bxd3 20. Rxd3 Rad8 21. O-O
Rxd7 22. c4 Re7 23. Rf4 h5 24. g4 Rfe8 25. gxh5 Rxe4 26. Rxe4 Rxe4 27. hxg6 fxg6
28. Rc3 Kg7 29. Kf2 Kf6 30. Kf3 Ke5 31. Rd3 Rf4+ 32. Kg3 Nxc4 33. Ng4+ Kf5 34.
h3 Ne5 35. Nxe5 Kxe5 36. Re3+ Re4 0-1

[Event "Astana Zhuldyzdary Open A"]
[Site "Astana KAZ"]
[Date "2023.07.13"]
[Round "4.48"]
[White "Boran, Shyngys"]
[Black "Doschanov, Zhaslan"]
[Result "0-1"]
[WhiteElo "1891"]
[BlackElo "2193"]
[WhiteFideId "13715429"]
[BlackFideId "13701207"]
[EventDate "2023.07.11"]

1. e4 c5 2. Nf3 d6 3. d4 cxd4 4. Nxd4 Nf6 5. Nc3 Nc6 6. Bg5 e6 7. Qd2 a6 8.
O-O-O Bd7 9. f3 Nxd4 10. Qxd4 h6 11. Be3 Bc6 12. Be2 d5 13. exd5 Nxd5 14. Nxd5
Qxd5 15. Bc4 Qxd4 16. Bxd4 O-O-O 17. Bb6 Rxd1+ 18. Rxd1 Be7 19. c3 Rg8 20. Re1
Kd7 21. Rd1+ Kc8 22. Re1 Kd7 23. Rd1+ Ke8 24. Kc2 g5 25. Be2 h5 26. g3 g4 27.
Rf1 f5 28. f4 Rh8 29. Bc4 Rh6 30. b4 Kf7 31. Re1 h4 32. Re2 hxg3 33. hxg3 Be4+
34. Kb3 Ke8 35. a4 e5 36. Bc7 Rh3 37. Re3 Bh4 38. Bxe5 Rxg3 39. Bd4 Rxe3 40.
Bxe3 g3 41. b5 a5 42. Be2 g2 43. Kc4 Bg3 44. Bg1 Bxf4 45. Kc5 Kd7 46. b6 Be5 47.
c4 Bc6 0-1

[Event "Astana Zhuldyzdary Open A"]
[Site "Astana KAZ"]
[Date "2023.07.13"]
[Round "4.49"]
[White "Karibayev, Dimash"]
[Black "Temirov, Bakhyt"]
[Result "1/2-1/2"]
[BlackTitle "FM"]
[WhiteElo "1876"]
[BlackElo "2166"]
[WhiteFideId "13720333"]
[BlackFideId "13704745"]
[EventDate "2023.07.11"]

1. e4 d5 2. exd5 Nf6 3. Bb5+ c6 4. dxc6 Nxc6 5. Nf3 Bg4 6. O-O e6 7. d4 Bd6 8.
c3 O-O 9. Bg5 Ne7 10. Bxf6 gxf6 11. Be2 Kh8 12. h3 Bh5 13. Nbd2 Rg8 14. Ne4 Nd5
15. Nxd6 Qxd6 16. Ne1 Bxe2 17. Qxe2 Rg6 18. Nd3 Rag8 19. Qf3 Rxg2+ 20. Qxg2
Rxg2+ 21. Kxg2 Ne7 22. Rad1 Nf5 23. Kf3 Qd5+ 24. Ke2 Qxa2 25. Rg1 Qd5 26. Kd2
Qf3 27. Kc2 Qxh3 28. d5 Qf3 29. dxe6 Qe2+ 30. Rd2 Qxe6 31. Nc5 Qe7 32. Rd7 Qe8
33. Rd5 Ne7 34. Re1 Qc6 35. Rd8+ Kg7 36. Nb3 Qb6 37. Rd2 Ng6 38. Nd4 Qc5 39. Rd3
f5 40. Rh3 f4 41. Reh1 a6 42. Rxh7+ Kg8 43. R7h5 Qe7 44. f3 b5 45. R5h2 b4 46.
Re2 Qd7 47. Ra1 bxc3 48. bxc3 Qb7 49. Rg2 Kg7 50. Rg5 Kf8 51. Rga5 Nh4 52. Rxa6
Nxf3 53. Ne6+ Kg8 54. Ra8+ Kh7 55. Rh1+ Kg6 56. Rg8+ Kf6 57. Rh6+ Ke7 58. Nc5
Qd5 59. Nb3 Ne1+ 60. Kb2 f3 61. Rg3 Qe5 62. Nd4 Qb8+ 63. Ka2 Qa8+ 64. Kb2 Qb8+
65. Ka2 Qf4 66. Rh1 f2 67. Rf1 Nc2 68. Rf3 Qe4 69. Nf5+ Kf8 70. R1xf2 Ne1 71.
Re3 Qc4+ 72. Kb1 Nd3 1/2-1/2

[Event "Astana Zhuldyzdary Open A"]
[Site "Astana KAZ"]
[Date "2023.07.13"]
[Round "4.51"]
[White "Sovetbekova, Nurai"]
[Black "Dushatov, Timur"]
[Result "0-1"]
[WhiteTitle "WFM"]
[WhiteElo "1823"]
[BlackElo "1989"]
[WhiteFideId "13801910"]
[BlackFideId "13781901"]
[EventDate "2023.07.11"]

1. d4 Nf6 2. c4 e6 3. Nc3 Bb4 4. a3 Bxc3+ 5. bxc3 d6 6. f3 Nc6 7. e4 b6 8. Bd3
Na5 9. Bg5 h6 10. Bh4 g5 11. Bf2 Ba6 12. h4 Nd7 13. Qe2 c5 14. e5 dxe5 15. dxe5
Rg8 16. Rd1 Qc7 17. hxg5 hxg5 18. Bg3 O-O-O 19. Kf2 Nc6 20. Bh7 Rh8 21. Re1 Nf8
22. Qe4 Na5 23. Ne2 Bxc4 24. Qa8+ Qb8 25. Qxb8+ Kxb8 26. Be4 Nd7 27. Rd1 Kc7 28.
f4 gxf4 29. Nxf4 Bb3 30. Rde1 Nc6 31. Nd3 Bc2 32. Rxh8 Rxh8 33. Nxc5 Nxc5 34.
Bxc2 Rd8 35. Ke2 Nd7 36. Kf2 Rg8 37. Ba4 Nc5 38. Bc2 a6 39. Rh1 Rd8 40. Ke2 Rg8
41. Kf2 Rd8 42. Ke2 Rg8 43. Kf3 Nd7 44. Rh5 Rg7 45. Bf4 Kd8 46. Be4 Kc7 47. g3
Nc5 48. Rh8 Nxe4 49. Kxe4 Ne7 50. Ra8 a5 51. Ra7+ Kd8 52. c4 Nf5 53. Kf3 Nd4+
54. Ke4 f5+ 55. exf6 Rxa7 56. Kxd4 Ke8 57. Ke5 Kf7 58. Be3 Rc7 59. c5 bxc5 60.
Kd6 Rc8 61. Bxc5 Kxf6 62. Bd4+ Kf5 63. g4+ Ke4 64. Bb6 a4 65. Ba5 e5 66. Ke6
Rc6+ 67. Kf7 Kf4 68. g5 Kxg5 69. Ke7 e4 70. Kd7 Rc2 0-1

[Event "Astana Zhuldyzdary Open A"]
[Site "Astana KAZ"]
[Date "2023.07.13"]
[Round "4.52"]
[White "Kolosovskiy, Anton"]
[Black "Volchkova, Alena"]
[Result "1-0"]
[WhiteElo "1933"]
[BlackElo "1824"]
[WhiteFideId "13705571"]
[BlackFideId "54104408"]
[EventDate "2023.07.11"]

1. Nf3 Nf6 2. c4 e6 3. Nc3 c5 4. e3 Be7 5. b3 O-O 6. Bb2 d5 7. cxd5 exd5 8. d4
Nc6 9. Be2 h6 10. O-O Bf5 11. Rc1 cxd4 12. Nxd4 Bg6 13. Nxc6 bxc6 14. Na4 Rc8
15. Qd4 Rc7 16. Nc5 Qc8 17. Qa4 Nd7 18. Na6 Nb6 19. Qa5 Rb7 20. Nc5 Bxc5 21.
Qxc5 Rc7 22. Qd4 f6 23. Ba3 Re8 24. Bc5 Qb7 25. Rc3 Nd7 26. Rfc1 Re6 27. h3 Kh7
28. Bg4 f5 29. Bf3 Ne5 30. Be2 Rf7 31. Qa4 Qc7 32. g3 a5 33. Bd4 Rfe7 34. Bxe5
Qxe5 35. Bf3 Be8 36. Qxa5 g5 37. Qb4 Rg7 38. Qd4 Qd6 39. Qd3 Qe5 40. Bg2 Reg6
41. Bf3 Re6 42. Kg2 Qf6 43. Qd4 Qf8 44. g4 fxg4 45. Bxg4 Re4 46. Qc5 Qf6 47.
R3c2 h5 48. Bf3 Rh4 49. Qc3 Qf5 50. e4 dxe4 51. Be2 g4 52. hxg4 hxg4 53. Qg3 Rh3
54. Rh1 Rxh1 55. Kxh1 e3 56. Qxe3 Bg6 57. Rc4 Qd5+ 58. Kg1 Bf5 59. Rd4 Qa5 60.
Bd3 g3 61. Rh4+ Kg6 62. Bxf5+ Qxf5 63. Qh6+ Kf7 64. Rf4 gxf2+ 1-0

[Event "Astana Zhuldyzdary Open A"]
[Site "Astana KAZ"]
[Date "2023.07.13"]
[Round "4.53"]
[White "Kanaev, Ardak"]
[Black "Tkachyov, Adil"]
[Result "1/2-1/2"]
[WhiteElo "1865"]
[BlackElo "1979"]
[WhiteFideId "13701533"]
[BlackFideId "13713558"]
[EventDate "2023.07.11"]

1. c4 Nf6 2. Nc3 g6 3. Nf3 Bg7 4. g3 O-O 5. Bg2 d6 6. O-O Nc6 7. d3 e5 8. Bg5 h6
9. Bxf6 Bxf6 10. Rb1 a5 11. a3 Bg7 12. b4 axb4 13. axb4 Be6 14. b5 Ne7 15. Nd2
c6 16. Qb3 d5 17. cxd5 cxd5 18. Qb4 d4 19. Nce4 Nd5 20. Qd6 Nc3 21. Qxd8 Nxe2+
22. Kh1 Raxd8 23. Nc5 Nc3 24. Nxe6 fxe6 25. Rb3 Nd5 26. Ne4 b6 27. Bh3 Kf7 28.
Ra3 Rd7 29. Rc1 Re8 30. Rc6 Bf8 31. Ra1 Nb4 32. Rxb6 Nxd3 33. Raa6 Nb4 34. Rxe6
Nxa6 35. Rxe8 Kxe8 36. Nf6+ Kf7 37. Nxd7 Nc5 38. Nxe5+ Kf6 39. Nc4 g5 40. Kg2 h5
41. Bc8 d3 42. Kf3 g4+ 43. Ke3 Bh6+ 44. Kd4 d2 45. Nxd2 Bxd2 46. Kxc5 Be1 47. f4
gxf3 48. Bh3 Bf2+ 49. Kd5 Ba7 50. Bf1 Kg5 51. h3 Bb8 52. Ke4 Bxg3 53. Kxf3 h4 1/2-1/2

[Event "Astana Zhuldyzdary Open A"]
[Site "Astana KAZ"]
[Date "2023.07.13"]
[Round "4.54"]
[White "Khamit, Daulet"]
[Black "Nauryzgaliev, Amangeldy"]
[Result "1-0"]
[WhiteElo "1822"]
[BlackElo "1894"]
[WhiteFideId "13709542"]
[BlackFideId "13707434"]
[EventDate "2023.07.11"]

1. d4 Nf6 2. Bf4 d5 3. e3 Bf5 4. c4 e6 5. Qb3 b6 6. Nc3 c6 7. Qa4 Qd7 8. Nf3 Be7
9. Ne5 Qb7 10. Be2 O-O 11. g4 Be4 12. f3 Bg6 13. h4 h5 14. Nxg6 fxg6 15. Qc2 Kh7
16. gxh5 Nxh5 17. Be5 Nd7 18. O-O-O Nxe5 19. dxe5 Ng3 20. h5 Nf5 21. hxg6+ Kg8
22. Bd3 Bg5 23. Bxf5 Bxe3+ 24. Kb1 Rxf5 25. cxd5 cxd5 26. Nxd5 Bh6 27. Qe4 Rb8
28. Nf6+ gxf6 29. Rd8+ 1-0

[Event "Astana Zhuldyzdary Open A"]
[Site "Astana KAZ"]
[Date "2023.07.14"]
[Round "5.1"]
[White "Alekseev, Evgeny"]
[Black "Nikitenko, Mihail"]
[Result "1/2-1/2"]
[WhiteTitle "GM"]
[BlackTitle "GM"]
[WhiteElo "2563"]
[BlackElo "2540"]
[WhiteFideId "4138147"]
[BlackFideId "13506862"]
[EventDate "2023.07.11"]

1. e4 e6 2. d4 d5 3. Nc3 Bb4 4. e5 c5 5. a3 Bxc3+ 6. bxc3 Ne7 7. Qg4 Kf8 8. a4
Qc7 9. Qd1 cxd4 10. cxd4 Qc3+ 11. Bd2 Qxd4 12. Nf3 Qe4+ 13. Be2 Nbc6 14. Bc3 Ng6
15. O-O Nf4 16. Bd3 Nxd3 17. cxd3 Qg6 18. a5 Kg8 19. Qe2 h6 20. Ra4 Bd7 21. Rb1
Rb8 22. h3 Qh7 23. Qe3 b5 24. axb6 axb6 25. Rg4 b5 26. Nd4 Nxd4 27. Qxd4 Rc8 28.
Re1 Qf5 29. Re3 h5 30. Rf4 Qg5 31. Rg3 Qd8 32. Rff3 Rh7 33. Kh2 1/2-1/2

[Event "Astana Zhuldyzdary Open A"]
[Site "Astana KAZ"]
[Date "2023.07.14"]
[Round "5.2"]
[White "Lobanov, Sergei"]
[Black "Sivuk, Vitaly"]
[Result "1/2-1/2"]
[WhiteTitle "GM"]
[BlackTitle "GM"]
[WhiteElo "2547"]
[BlackElo "2432"]
[WhiteFideId "24183750"]
[BlackFideId "14116502"]
[EventDate "2023.07.11"]

1. d4 d5 2. c4 dxc4 3. Nf3 Nf6 4. e3 e6 5. Bxc4 c5 6. O-O a6 7. Re1 Nc6 8. Bd3
Be7 9. dxc5 Bxc5 10. a3 O-O 11. b4 Bd6 12. Bb2 e5 13. Nc3 Bg4 14. Ne4 Nxe4 15.
Bxe4 Qe7 16. Rc1 Rac8 17. Qd3 Rfd8 18. Qb1 g6 19. h3 Bd7 20. Red1 Be8 21. Bd5
Kf8 22. Qe4 f6 23. Nd2 Bb8 24. Nb3 Ba7 25. Qf3 Bf7 26. e4 Kg7 27. Nc5 Bxc5 28.
Rxc5 Na7 29. Rxc8 Nxc8 30. Bc1 Nb6 31. Bh6+ Kxh6 32. Qe3+ Kg7 33. Qxb6 Rd6 34.
Qc5 Qd7 35. Rd3 b6 1/2-1/2

[Event "Astana Zhuldyzdary Open A"]
[Site "Astana KAZ"]
[Date "2023.07.14"]
[Round "5.3"]
[White "Tsaruk, Maksim"]
[Black "Muradli, Mahammad"]
[Result "0-1"]
[WhiteTitle "FM"]
[BlackTitle "GM"]
[WhiteElo "2393"]
[BlackElo "2546"]
[WhiteFideId "13511173"]
[BlackFideId "13409301"]
[EventDate "2023.07.11"]

1. e4 c5 2. Nf3 d6 3. Bb5+ Bd7 4. Bxd7+ Nxd7 5. O-O Ngf6 6. Qe2 e6 7. d4 cxd4 8.
Nxd4 Rc8 9. c4 Qa5 10. Rd1 a6 11. b3 Be7 12. Bb2 Qh5 13. Qxh5 Nxh5 14. Nc3 Nhf6
15. Rd2 h5 16. Re1 h4 17. f4 g6 18. f5 Nc5 19. Ba3 e5 20. Nc2 b5 21. cxb5 axb5
22. b4 Ncd7 23. Nxb5 gxf5 24. exf5 d5 25. Ree2 Kf8 26. Bb2 d4 27. a4 Rxc2 28.
Rxc2 d3 29. Rc8+ Kg7 30. Rxe5 Nxe5 31. Rxh8 d2 32. Nc3 Kxh8 33. b5 Nd3 34. Ba1
Kh7 35. Kf1 Nc1 36. Nd1 Nd5 37. Bd4 Nb3 38. Bf2 Bb4 39. Ke2 Nc1+ 40. Kf3 Nc3 0-1

[Event "Astana Zhuldyzdary Open A"]
[Site "Astana KAZ"]
[Date "2023.07.14"]
[Round "5.4"]
[White "Makhnev, Denis"]
[Black "Niemann, Hans Moke"]
[Result "1-0"]
[WhiteTitle "GM"]
[BlackTitle "GM"]
[WhiteElo "2454"]
[BlackElo "2674"]
[WhiteFideId "13707647"]
[BlackFideId "2093596"]
[EventDate "2023.07.11"]

1. d4 Nf6 2. c4 e6 3. Nf3 d5 4. g3 Bb4+ 5. Bd2 Bd6 6. Nc3 O-O 7. Bg2 Nc6 8. cxd5
exd5 9. Bg5 Be6 10. O-O Be7 11. Ne5 Na5 12. b3 h6 13. Bd2 Nc6 14. Nxc6 bxc6 15.
Qc2 c5 16. dxc5 Bxc5 17. Bf4 Qe7 18. Na4 Bd6 19. Bxd6 Qxd6 20. Rac1 Rfc8 21. Nc5
Qe5 22. e4 dxe4 23. Rfe1 Bd5 24. Nxe4 Nxe4 25. Bxe4 Bxe4 26. Rxe4 Qd6 27. Qc6 a5
28. h4 Qxc6 29. Rxc6 a4 30. bxa4 Ra7 31. Kf1 Rca8 32. Rcc4 h5 33. Ke2 c5 34. Kd3
Ra5 35. Kc3 g6 36. Kb3 Rb8+ 37. Ka3 Rd8 38. Re3 Rd5 39. Rf4 Ra7 40. Rb3 Kg7 41.
Rb5 Rd3+ 42. Rb3 Rd2 43. Rc3 Rd5 44. Kb3 Ra5 45. Kc2 Rd7 46. Rb3 Ra8 47. Rb5 Rc8
48. Kc3 Kf8 49. a5 Ke7 50. a6 Rc6 51. Ra4 Rc8 52. Rb7 Rxb7 53. axb7 Rb8 54. Ra7
Kd6 55. a4 g5 1-0

[Event "Astana Zhuldyzdary Open A"]
[Site "Astana KAZ"]
[Date "2023.07.14"]
[Round "5.5"]
[White "Sargsyan, Shant"]
[Black "Harutyunyan, Tigran K."]
[Result "1/2-1/2"]
[WhiteTitle "GM"]
[BlackTitle "GM"]
[WhiteElo "2654"]
[BlackElo "2526"]
[WhiteFideId "13306766"]
[BlackFideId "13303635"]
[EventDate "2023.07.11"]

1. d4 Nf6 2. Nf3 d5 3. Bf4 c5 4. e3 Nc6 5. Nbd2 Bg4 6. c3 e6 7. h3 Bxf3 8. Nxf3
Bd6 9. dxc5 Bxc5 10. Qb3 Qe7 11. Be2 O-O 12. O-O Rfd8 13. Rad1 Rac8 14. Bg5 Bb6
15. Bd3 h6 16. Bh4 Na5 17. Qc2 Bc7 18. Nd4 g5 19. Bg3 Bxg3 20. fxg3 Nc4 21. Bxc4 1/2-1/2

[Event "Astana Zhuldyzdary Open A"]
[Site "Astana KAZ"]
[Date "2023.07.14"]
[Round "5.6"]
[White "Goganov, Aleksey"]
[Black "Petrosyan, Manuel"]
[Result "1/2-1/2"]
[WhiteTitle "GM"]
[BlackTitle "GM"]
[WhiteElo "2531"]
[BlackElo "2627"]
[WhiteFideId "24109959"]
[BlackFideId "13300857"]
[EventDate "2023.07.11"]

1. d4 Nf6 2. c4 e6 3. Nf3 d5 4. Nc3 c5 5. cxd5 cxd4 6. Qxd4 exd5 7. e4 dxe4 8.
Qxd8+ Kxd8 9. Ng5 Be6 10. Nxe6+ fxe6 11. Bg5 Ke8 12. O-O-O Nc6 13. Bb5 1/2-1/2

[Event "Astana Zhuldyzdary Open A"]
[Site "Astana KAZ"]
[Date "2023.07.14"]
[Round "5.7"]
[White "Madaminov, Mukhiddin"]
[Black "Kovalev, Vladislav"]
[Result "1/2-1/2"]
[WhiteTitle "IM"]
[BlackTitle "GM"]
[WhiteElo "2471"]
[BlackElo "2603"]
[WhiteFideId "14210703"]
[BlackFideId "13504398"]
[EventDate "2023.07.11"]

1. e4 e5 2. Nf3 Nc6 3. Bb5 a6 4. Ba4 Nf6 5. O-O Be7 6. Re1 b5 7. Bb3 d6 8. c3
O-O 9. h3 Bb7 10. d4 Re8 11. Nbd2 Bf8 12. a4 h6 13. d5 Nb8 14. c4 c6 15. axb5
axb5 16. Rxa8 Bxa8 17. dxc6 bxc4 18. Nxc4 1/2-1/2

[Event "Astana Zhuldyzdary Open A"]
[Site "Astana KAZ"]
[Date "2023.07.14"]
[Round "5.8"]
[White "Sethuraman, S.P."]
[Black "Suleymenov, Alisher"]
[Result "1/2-1/2"]
[WhiteTitle "GM"]
[BlackTitle "IM"]
[WhiteElo "2602"]
[BlackElo "2499"]
[WhiteFideId "5021596"]
[BlackFideId "13707833"]
[EventDate "2023.07.11"]

1. e4 c5 2. Nf3 e6 3. d4 cxd4 4. Nxd4 Nc6 5. Nc3 Nf6 6. Nxc6 bxc6 7. e5 Nd5 8.
Ne4 Qc7 9. f4 Qb6 10. Bd3 Ba6 11. Bxa6 Qxa6 12. Qe2 Qxe2+ 13. Kxe2 f5 14. Nf2 d6
15. Nd3 c5 16. c4 Nb4 17. Rd1 Nc2 18. Rb1 d5 19. b3 O-O-O 20. Bb2 dxc4 21. bxc4
Be7 22. Rd2 Nb4 23. Bc3 Nxd3 24. Rxd3 Rxd3 1/2-1/2

[Event "Astana Zhuldyzdary Open A"]
[Site "Astana KAZ"]
[Date "2023.07.14"]
[Round "5.9"]
[White "Zarubitski, Viachaslau"]
[Black "Smirin, Ilia"]
[Result "1-0"]
[WhiteTitle "IM"]
[BlackTitle "GM"]
[WhiteElo "2423"]
[BlackElo "2595"]
[WhiteFideId "13509373"]
[BlackFideId "2801990"]
[EventDate "2023.07.11"]

1. e4 c5 2. Nf3 d6 3. Bb5+ Nc6 4. O-O Bd7 5. Re1 Nf6 6. c3 a6 7. Bf1 Bg4 8. h3
Bxf3 9. Qxf3 g6 10. Qd1 Bh6 11. g3 O-O 12. d3 Bxc1 13. Qxc1 d5 14. e5 Nd7 15. f4
e6 16. Nd2 b5 17. Nf3 c4 18. d4 b4 19. Bg2 Ne7 20. g4 Kh8 21. Re2 a5 22. Qe1 Rb8
23. Qh4 Kg7 24. Rf1 a4 25. Qe1 a3 26. cxb4 axb2 27. Rxb2 Nb6 28. Rc2 Na4 29. Kh1
Rh8 30. Nh4 Nc6 31. f5 Nxb4 32. Re2 Nd3 33. Qg3 Rf8 34. f6+ Kh8 35. Nf3 Rg8 36.
Ng5 Qf8 37. Bxd5 Nc3 38. Bxc4 Nxe2 39. Qxd3 h6 40. Ne4 Rb2 41. Qe3 Kh7 42. Bxe2
Qa8 43. Bf3 Qxa2 44. Qe1 Rgb8 45. Nc3 Qc4 46. d5 R8b3 47. dxe6 Rxc3 48. exf7
Rxf3 49. Rxf3 Qxf7 50. Rf2 Qb7+ 51. Kh2 Rb1 52. Qxb1 Qxb1 53. f7 1-0

[Event "Astana Zhuldyzdary Open A"]
[Site "Astana KAZ"]
[Date "2023.07.14"]
[Round "5.10"]
[White "Ponkratov, Pavel"]
[Black "Ohanyan, Emin"]
[Result "1-0"]
[WhiteTitle "GM"]
[BlackTitle "IM"]
[WhiteElo "2589"]
[BlackElo "2489"]
[WhiteFideId "4157800"]
[BlackFideId "13312022"]
[EventDate "2023.07.11"]

1. e4 c5 2. Nf3 e6 3. d4 cxd4 4. Nxd4 Nf6 5. Nc3 Nc6 6. Ndb5 d6 7. Bf4 e5 8. Bg5
a6 9. Na3 b5 10. Nab1 Be7 11. Bxf6 Bxf6 12. a4 b4 13. Nd5 Be6 14. Bc4 O-O 15.
O-O Bg5 16. Nd2 Kh8 17. Nf3 Bh6 18. Re1 a5 19. Qd3 f5 20. Rad1 fxe4 21. Rxe4 Bf5
22. Qe2 Bxe4 23. Qxe4 Ne7 24. Bd3 g6 25. Qh4 Nxd5 26. Qxh6 Nf4 27. Be4 Rc8 28.
g3 Ne6 29. Bxg6 Rc7 30. Be4 Rf6 31. Qh5 Qf8 32. Nh4 Qf7 33. Qg4 Nc5 34. Bd5 Qg7
35. Qh5 Qh6 36. Qg4 Qf8 37. b3 Rxf2 38. Nf3 Rxc2 39. Rf1 Qc8 40. Qh4 Ne6 41.
Qf6+ Ng7 42. Ne1 1-0

[Event "Astana Zhuldyzdary Open A"]
[Site "Astana KAZ"]
[Date "2023.07.14"]
[Round "5.11"]
[White "Isanzhulov, Arystan"]
[Black "Moiseenko, Alexander"]
[Result "0-1"]
[WhiteTitle "FM"]
[BlackTitle "GM"]
[WhiteElo "2422"]
[BlackElo "2575"]
[WhiteFideId "13711644"]
[BlackFideId "14102560"]
[EventDate "2023.07.11"]

1. e4 c5 2. d4 cxd4 3. Qxd4 Nc6 4. Qd3 e6 5. Nc3 Nf6 6. Bf4 a6 7. O-O-O b5 8.
Kb1 Bb7 9. Nge2 Rc8 10. f3 b4 11. Na4 d5 12. Qe3 d4 13. Qd2 e5 14. Bg3 Qa5 15.
b3 Be7 16. Nc1 O-O 17. Nb2 Qc7 18. Nc4 a5 19. Nd3 Nd7 20. f4 Nf6 21. Nf2 Nh5 22.
Nxe5 Nxe5 23. fxe5 Nxg3 24. hxg3 Qxe5 25. Qf4 Bd6 26. Qh4 h6 27. Ng4 Qe6 28. e5
Bxe5 29. Re1 Rc5 30. Bd3 Bxg2 31. Rhg1 Bf3 32. Nh2 Bb7 33. Ng4 Qd6 34. Qh5 Bf4
35. Nf6+ Kh8 36. Qh3 Qxf6 37. gxf4 Bc8 38. Qg3 a4 39. Re5 Rc3 40. Rd5 axb3 41.
Rd6 bxc2+ 42. Kc1 Rxd3 43. Qg2 Rd1+ 44. Kxc2 Rxg1 0-1

[Event "Astana Zhuldyzdary Open A"]
[Site "Astana KAZ"]
[Date "2023.07.14"]
[Round "5.12"]
[White "Kozganbay, Erkin"]
[Black "Aditya, Mittal"]
[Result "0-1"]
[BlackTitle "GM"]
[WhiteElo "2337"]
[BlackElo "2563"]
[WhiteFideId "13703773"]
[BlackFideId "35042025"]
[EventDate "2023.07.11"]

1. Nf3 d5 2. g3 Bg4 3. Bg2 c6 4. c4 e6 5. cxd5 Bxf3 6. Bxf3 cxd5 7. O-O Nc6 8.
d4 f5 9. Nc3 Bd6 10. e3 Nf6 11. Bd2 g5 12. e4 fxe4 13. Bh5+ Nxh5 14. Qxh5+ Kd7
15. Bxg5 Qe8 16. Qh3 Qg6 17. Be3 Ne7 18. f3 exf3 19. Rxf3 Raf8 20. Raf1 Rxf3 21.
Rxf3 h5 22. Bf4 Rf8 23. Qf1 Rxf4 24. Rxf4 Bxf4 25. Qxf4 Qd3 26. Qf6 b5 27. a3 a5
28. Qe5 b4 29. axb4 axb4 30. Ne2 Qb1+ 31. Kg2 Qxb2 32. Kh3 Qb1 33. Qb8 Qf1+ 0-1

[Event "Astana Zhuldyzdary Open A"]
[Site "Astana KAZ"]
[Date "2023.07.14"]
[Round "5.13"]
[White "Kazhgaleyev, Murtas"]
[Black "Zhalmakhanov, Ramazan"]
[Result "1/2-1/2"]
[WhiteTitle "GM"]
[BlackTitle "IM"]
[WhiteElo "2503"]
[BlackElo "2413"]
[WhiteFideId "13700316"]
[BlackFideId "13706357"]
[EventDate "2023.07.11"]

1. Nf3 c5 2. e3 g6 3. d4 Bg7 4. dxc5 Qa5+ 5. Nbd2 Qxc5 6. a3 Qc7 7. c4 Nf6 8. b4
O-O 9. Bb2 Nc6 10. Rc1 d6 11. Be2 a5 12. Qb3 axb4 13. axb4 Qb6 14. b5 Na5 15.
Qd1 Bg4 16. O-O Rfc8 17. h3 Bxf3 18. Nxf3 Nd7 19. Bd4 Qd8 20. Nd2 b6 21. Qc2 Ra7
22. Qb2 Qf8 23. Ne4 Rac7 24. Nd2 Nc5 25. f4 Ne6 26. Bxg7 Qxg7 27. Qb1 Nc5 28.
Kh1 Na4 29. Bg4 Rd8 30. Rc2 Nc5 1/2-1/2